01152cam a2200253 a 450000100090000000300040000900500170001300800410003001000170007102000180008804000070010605000150011324500750012825000120020326000450021530000170026050400670027750503300034465000440067470000290071894200120074799900160075995201230077513765869OSt20230707141047.0041029s2004 nyu b 001 0 eng  a 2004559961 a9781543809534 cLC00aKF4549.C7510aConstitutional law : 2019 suplement. /cGeoffrey R. Stone ...[et al.]. a8th ed. aNew York, N.Y. :bWolters Kluwer,c2019. axx, 190 p .: aIncludes bibliographical references (p. xlvii-lxvi) and index. aContents: The constitution and the supreme court m-- Federalism a work: Congress and the national economy -- The scope of Congress's power -- The distribution of national powers -- Equality and the constitution -- Freedom of expression -- The constitution and religion -- State action, baselines, and problem of private power 0aConstitutional lawzUnited States920721 aStone, Geoffrey R.92073 2lcccBK c9911d17411 00102lcc4070aWIUC-KLbWIUC-KLcLLd2023-07-07l0oKF4549.C75pKSL/2422/624/23r2023-07-07 00:00:00w2023-07-07yBK